[Event "Wroclaw Anderssen Memorial op"]
[Site "Wroclaw"]
[Date "2018.08.05"]
[Round "10"]
[White "Piotrowski, Przemyslaw"]
[Black "Kubien, Jerzy"]
[Result "1-0"]
[WhiteElo "2306"]
[BlackElo "2165"]
[PlyCount "39"]
[EventDate "2018.08.04"]
[EventType "swiss (rapid)"]
[EventRounds "13"]
[EventCountry "POL"]
[SourceTitle "CBM 185 Extra"]
[Source "ChessBase"]
[SourceDate "2018.07.29"]
[SourceVersion "1"]
[SourceVersionDate "2018.07.29"]
[SourceQuality "1"]

1. e4 Nf6 2. e5 Nd5 3. c4 Nb6 4. c5 Nd5 5. Nc3 Nxc3 6. dxc3 e6 7. Qg4 d5 8. cxd6 cxd6 9. exd6 Qxd6 10. Bf4 Qb6 11. 0-0-0 Nc6 12. Qg3 h6 13. Nf3 Qa5 14. Kb1 e5 15. Nxe5 Be6 16. Bc4 Nxe5 17. Bxe6 Ng6 18. Bd7+ Ke7 19. Bd6+ Kf6 20. Qf3+ 1-0

[Event "Wroclaw Anderssen Memorial op"]
[Site "Wroclaw"]
[Date "2018.08.04"]
[Round "7"]
[White "Kubien, Jerzy"]
[Black "Bartel, Michal"]
[Result "0-1"]
[WhiteElo "2165"]
[BlackElo "2327"]
[PlyCount "108"]
[EventDate "2018.08.04"]
[EventType "swiss (rapid)"]
[EventRounds "13"]
[EventCountry "POL"]
[SourceTitle "CBM 185 Extra"]
[Source "ChessBase"]
[SourceDate "2018.07.29"]
[SourceVersion "1"]
[SourceVersionDate "2018.07.29"]
[SourceQuality "1"]

1. Nf3 d5 2. d4 Nc6 3. Bf4 Bg4 4. e3 Nf6 5. Be2 Bxf3 6. Bxf3 e6 7. c3 Bd6 8. Bg3 0-0 9. Nd2 e5 10. 0-0 Re8 11. Qb3 Na5 12. Qc2 c5 13. dxe5 Bxe5 14. Rad1 Bxg3 15. hxg3 Qb6 16. Nb3 Rad8 17. Nxa5 Qxa5 18. a3 Qb6 19. Rd2 Rd6 20. Rfd1 Red8 21. b4 h6 22. Qb3 d4 23. cxd4 cxd4 24. Rxd4 Rxd4 25. Rxd4 Rxd4 26. exd4 Qxd4 27. a4 b6 28. b5 g6 29. Qc2 Kg7 30. Kf1 Nd7 31. Bd1 Nc5 32. Ke1 Nd3+ 33. Kf1 Nxf2 34. Bf3 Qd3+ 35. Qxd3 Nxd3 36. Be4 Nc5 37. Bc2 Kf6 38. Ke2 Ke5 39. Ke3 f5 40. Bd1 Ne4 41. g4 fxg4 42. Bxg4 Nc3 43. Bd7 Nxa4 44. Be8 g5 45. Kd3 Nc5+ 46. Ke3 a5 47. bxa6 Nxa6 48. Kf3 Nc7 49. Bf7 Nd5 50. Kg4 Nf6+ 51. Kf3 Kd4 52. g3 b5 53. Ke2 b4 54. Kd2 Ne4+ 0-1

[Event "Wroclaw op 9th"]
[Site "Wroclaw"]
[Date "2014.07.04"]
[Round "8"]
[White "Piotrowski, Przemyslaw"]
[Black "Kubien, Jerzy"]
[Result "0-1"]
[WhiteElo "2132"]
[BlackElo "2185"]
[PlyCount "122"]
[EventDate "2014.06.29"]
[EventType "swiss"]
[EventRounds "9"]
[EventCountry "POL"]
[SourceTitle "EXT 2015"]
[Source "ChessBase"]
[SourceDate "2014.11.20"]
[SourceVersion "1"]
[SourceVersionDate "2014.11.20"]
[SourceQuality "1"]

1. d4 Nf6 2. Nf3 b5 3. Bg5 Bb7 4. Bxf6 exf6 5. e3 a6 6. a4 b4 7. Nbd2 a5 8. Bc4 d5 9. Bb5+ c6 10. Bd3 g6 11. 0-0 f5 12. c4 Bd6 13. cxd5 cxd5 14. Bb5+ Nd7 15. Ne5 Bxe5 16. dxe5 0-0 17. Bxd7 Qxd7 18. Nf3 Rfc8 19. Nd4 Ba6 20. Re1 Rc4 21. Qd2 Rac8 22. Red1 Qc7 23. f4 Qb6 24. g4 fxg4 25. Qg2 Re8 26. Qxg4 Bc8 27. Qg2 Qc5 28. h4 h5 29. Qg5 Bg4 30. f5 Rxe5 31. Rf1 Rxd4 32. exd4 Qxd4+ 33. Rf2 Rxf5 34. Qd2 Qe5 35. Rxf5 Bxf5 36. Qf2 d4 37. Re1 Qd6 38. Qh2 Qd7 39. Qe5 Be6 40. Qxa5 Bd5 41. Kh2 Qd6+ 42. Kh3 d3 43. Re8+ Kg7 44. Qd8 Be6+ 45. Kg2 Qc6+ 46. Kg3 f6 47. Rh8 Qc5 48. Re8 Qe5+ 49. Kf2 Qe2+ 50. Kg1 Qg4+ 51. Kf1 Qf3+ 52. Kg1 Qg3+ 53. Kh1 Qxh4+ 54. Kg1 Qe1+ 55. Kh2 Qf2+ 56. Kh1 Bg4 57. Rg8+ Kh6 58. Rh8+ Kg5 59. Qd5+ Kh4 60. Qe4 d2 61. Rd8 Qe1+ 0-1

[Event "Wroclaw op 9th"]
[Site "Wroclaw"]
[Date "2014.07.03"]
[Round "7"]
[White "Kubien, Jerzy"]
[Black "Grabarczyk, Miroslaw"]
[Result "0-1"]
[WhiteElo "2185"]
[BlackElo "2469"]
[PlyCount "82"]
[EventDate "2014.06.29"]
[EventType "swiss"]
[EventRounds "9"]
[EventCountry "POL"]
[SourceTitle "EXT 2015"]
[Source "ChessBase"]
[SourceDate "2014.11.20"]
[SourceVersion "1"]
[SourceVersionDate "2014.11.20"]
[SourceQuality "1"]

1. e4 e5 2. Nf3 Nc6 3. Bc4 Bc5 4. d3 Nf6 5. Nc3 0-0 6. Bg5 h6 7. Bh4 Be7 8. h3 d6 9. 0-0 Be6 10. Bxe6 fxe6 11. d4 exd4 12. Nxd4 Nxd4 13. Qxd4 Nxe4 14. Qxe4 Bxh4 15. Qxe6+ Kh8 16. Rae1 Bf6 17. Qc4 c6 18. Qb3 Qb6 19. Nd1 d5 20. g3 Rae8 21. Kg2 Qc7 22. Ne3 Qf7 23. f4 h5 24. c3 Re4 25. Qd1 d4 26. cxd4 Bxd4 27. Nc2 Rxe1 28. Nxe1 Bxb2 29. Nf3 Bf6 30. g4 Qxa2+ 31. Rf2 Qd5 32. Rd2 Qe4 33. g5 Bc3 34. Rd8 Qxf4 35. Rxf8+ Qxf8 36. Nh4 Qe8 37. Qd3 Ba5 38. Ng6+ Kg8 39. Qb3+ Qf7 40. Ne7+ Kf8 41. Ng6+ Qxg6 0-1

[Event "POL-chT2"]
[Site "Poronin"]
[Date "2013.09.13"]
[Round "7.27"]
[White "Kubien, Jerzy"]
[Black "Lercel, Michal"]
[Result "1-0"]
[WhiteElo "2218"]
[BlackElo "2160"]
[PlyCount "83"]
[EventDate "2013.09.06"]
[EventType "team-swiss"]
[EventRounds "9"]
[EventCountry "POL"]
[SourceTitle "EXT 2015"]
[Source "ChessBase"]
[SourceDate "2014.11.20"]
[SourceVersion "1"]
[SourceVersionDate "2014.11.20"]
[SourceQuality "1"]
[WhiteTeam "Pegow Wieza"]
[BlackTeam "Wisznia Mala OKSiR"]
[WhiteTeamCountry "POL"]
[BlackTeamCountry "POL"]

1. Nf3 Nf6 2. d4 g6 3. g3 Bg7 4. Bg2 0-0 5. 0-0 d6 6. c4 Nc6 7. Nc3 a6 8. b3 Rb8 9. Bb2 Bg4 10. h3 Bxf3 11. Bxf3 Nd7 12. d5 Na5 13. Qd2 Ne5 14. Rac1 c5 15. dxc6 bxc6 16. Na4 Nxf3+ 17. exf3 Bxb2 18. Nxb2 c5 19. Rfe1 Nc6 20. Re4 Nd4 21. Kg2 e6 22. Nd3 f5 23. Ree1 e5 24. f4 Qd7 25. f3 Qc6 26. Qe3 e4 27. fxe4 Rbe8 28. Nf2 Rxe4 29. Nxe4 Re8 30. Kf2 Rxe4 31. Qd3 h5 32. h4 a5 33. Re3 Kh7 34. Rce1 Rxe3 35. Qxe3 Kh6 36. Rd1 Qb6 37. Qe8 Qb7 38. Qh8+ Qh7 39. Qxh7+ Kxh7 40. Rxd4 cxd4 41. Ke2 Kg7 42. Kd3 1-0

[Event "POL-chT2"]
[Site "Poronin"]
[Date "2013.09.07"]
[Round "1.87"]
[White "Kubien, Jerzy"]
[Black "Parol, Pawel"]
[Result "0-1"]
[WhiteElo "2218"]
[BlackElo "1980"]
[PlyCount "98"]
[EventDate "2013.09.06"]
[EventType "team-swiss"]
[EventRounds "9"]
[EventCountry "POL"]
[SourceTitle "EXT 2015"]
[Source "ChessBase"]
[SourceDate "2014.11.20"]
[SourceVersion "1"]
[SourceVersionDate "2014.11.20"]
[SourceQuality "1"]
[WhiteTeam "Pegow Wieza"]
[BlackTeam "Minsk Mazowiecki MTSz"]
[WhiteTeamCountry "POL"]
[BlackTeamCountry "POL"]

1. Nf3 e6 2. d4 Nf6 3. Bf4 Be7 4. e3 b6 5. Nbd2 0-0 6. h3 c5 7. c3 Ba6 8. Bxa6 Nxa6 9. 0-0 Qc8 10. Qe2 Qb7 11. a4 Rac8 12. Rfd1 Nc7 13. Bg5 Qa6 14. Qxa6 Nxa6 15. Ne5 d5 16. Nef3 h6 17. Bf4 Rfd8 18. Be5 Nd7 19. Bg3 Ndb8 20. e4 Bd6 21. Bxd6 Rxd6 22. exd5 Rxd5 23. Nf1 Nc6 24. dxc5 Rxd1 25. Rxd1 Nxc5 26. Ra1 Nd3 27. Rb1 Na5 28. Ne3 Nc4 29. Nd1 e5 30. b3 Nd6 31. c4 Ne4 32. h4 f6 33. Ra1 Rd8 34. Ne3 Nc3 35. a5 b5 36. cxb5 Nxb5 37. Ra4 Rc8 38. Nc4 a6 39. Nfd2 Nc5 40. Rb4 Nd3 41. Ra4 Nc5 42. Rb4 Rd8 43. Kf1 Kf7 44. Ke2 Nd3 45. Rxb5 axb5 46. Ne3 Nf4+ 47. Kd1 Nd5 48. Nxd5 Rxd5 49. Kc2 b4 0-1

[Event "Wroclaw op-A 8th"]
[Site "Wroclaw"]
[Date "2013.07.08"]
[Round "8"]
[White "Kubien, Jerzy"]
[Black "Matuszewski, Michal"]
[Result "1/2-1/2"]
[WhiteElo "2204"]
[BlackElo "2410"]
[PlyCount "88"]
[EventDate "2013.07.01"]
[EventType "swiss"]
[EventRounds "9"]
[EventCountry "POL"]
[SourceTitle "CBM 155 Extra"]
[Source "ChessBase"]
[SourceDate "2013.08.26"]
[SourceVersion "1"]
[SourceVersionDate "2013.08.26"]
[SourceQuality "1"]

1. Nf3 Nf6 2. d4 e6 3. Bf4 b6 4. Nbd2 Bb7 5. e3 c5 6. h3 Be7 7. Be2 0-0 8. 0-0 d5 9. c3 Nc6 10. Ne5 h6 11. Re1 Nd7 12. Ndf3 Bf6 13. Ng4 Be7 14. Nge5 Ndxe5 15. Nxe5 Bd6 16. Nxc6 Bxc6 17. Bf3 Re8 18. Qd2 Bf8 19. Rad1 Rc8 20. Be5 Qh4 21. a3 Rcd8 22. Qe2 Qe7 23. b4 Ba4 24. Rb1 cxb4 25. cxb4 Qd7 26. Rec1 Rc8 27. Qb2 Bb5 28. Bd1 Be7 29. Rxc8 Rxc8 30. Rc1 f6 31. Bg3 Rc4 32. Bb3 Rxc1+ 33. Qxc1 a5 34. Qc7 axb4 35. axb4 Bd8 36. Qb8 Kf7 37. Bd1 Bd3 38. Bf3 b5 39. Bd6 Kg6 40. Bc5 Kh7 41. Bg4 f5 42. Bh5 g6 43. Bf3 Bf6 44. Bd6 Bg7 1/2-1/2

[Event "Wroclaw Anderssen Memorial op 22nd"]
[Site "Wroclaw"]
[Date "2013.06.29"]
[Round "2"]
[White "Cyborowski, Lukasz"]
[Black "Kubien, Jerzy"]
[Result "1-0"]
[WhiteElo "2548"]
[BlackElo "2204"]
[PlyCount "55"]
[EventDate "2013.06.29"]
[EventType "swiss (rapid)"]
[EventRounds "9"]
[EventCountry "POL"]
[SourceTitle "CBM 155 Extra"]
[Source "ChessBase"]
[SourceDate "2013.08.26"]
[SourceVersion "1"]
[SourceVersionDate "2013.08.26"]
[SourceQuality "1"]

1. d4 d5 2. Nf3 c6 3. c4 Nf6 4. Nc3 e6 5. e3 Nbd7 6. Bd3 Be7 7. 0-0 0-0 8. e4 dxe4 9. Nxe4 Nxe4 10. Bxe4 Nf6 11. Bc2 b6 12. Bg5 Bb7 13. Qd3 g6 14. Rfe1 Nh5 15. Bh6 Re8 16. Rad1 Bf6 17. Qe3 Ng7 18. Bg5 Bxg5 19. Nxg5 Nf5 20. Qf4 Qb8 21. Qf3 Qc7 22. Ne4 Red8 23. Qc3 h5 24. Nf6+ Kf8 25. Bxf5 exf5 26. d5 Qf4 27. d6 c5 28. d7 1-0

[Event "POL-chT 2nd League"]
[Site "Mrzezyno"]
[Date "2011.09.03"]
[Round "1"]
[White "Kubien, Jerzy"]
[Black "Chojnacki, Slawomir"]
[Result "0-1"]
[WhiteElo "2237"]
[BlackElo "2237"]
[PlyCount "76"]
[EventDate "2011.09.03"]
[EventType "team-swiss"]
[EventRounds "9"]
[EventCountry "POL"]
[SourceTitle "EXT 2015"]
[Source "ChessBase"]
[SourceDate "2014.11.20"]
[SourceVersion "1"]
[SourceVersionDate "2014.11.20"]
[SourceQuality "1"]
[WhiteTeam "Wisznia Mala OKSiR"]
[BlackTeam "Chroscice LZS Victoria"]
[WhiteTeamCountry "POL"]
[BlackTeamCountry "POL"]

1. Nf3 d5 2. c4 c6 3. e3 Nf6 4. b3 Bg4 5. Bb2 e6 6. Be2 Nbd7 7. 0-0 Bd6 8. d4 0-0 9. Nbd2 Rc8 10. Ne5 Bf5 11. f4 Ne4 12. Nxd7 Qxd7 13. c5 Bc7 14. b4 f6 15. Bf3 Nxd2 16. Qxd2 Rce8 17. Bc3 e5 18. a4 exf4 19. exf4 Bg4 20. Bxg4 Qxg4 21. Rae1 Rxe1 22. Qxe1 Kf7 23. g3 Re8 24. Qd1 Qxd1 25. Rxd1 Re3 26. Rc1 Re2 27. b5 Ke6 28. bxc6 bxc6 29. Re1 Rxe1+ 30. Bxe1 Kf5 31. Kf2 Ke4 32. Bc3 f5 33. Ke2 Bd8 34. h3 Bf6 35. Ba5 Bxd4 36. Bb4 h5 37. h4 g6 38. Ba3 Bc3 0-1

[Event "Wroclaw op-A 6th"]
[Site "Wroclaw"]
[Date "2011.07.08"]
[Round "7"]
[White "Cyborowski, Lukasz"]
[Black "Kubien, Jerzy"]
[Result "1/2-1/2"]
[WhiteElo "2537"]
[BlackElo "2191"]
[PlyCount "74"]
[EventDate "2011.07.04"]
[EventType "swiss"]
[EventRounds "9"]
[EventCountry "POL"]
[SourceTitle "CBM 143 Extra"]
[Source "ChessBase"]
[SourceDate "2011.08.29"]
[SourceVersion "1"]
[SourceVersionDate "2011.08.29"]
[SourceQuality "1"]

1. d4 d5 2. c4 c6 3. Nc3 e6 4. e3 Nd7 5. Qc2 Ngf6 6. Nf3 Bd6 7. b3 0-0 8. Be2 a6 9. 0-0 Qe7 10. Bb2 Re8 11. Rfd1 h6 12. e4 dxe4 13. Nxe4 Nxe4 14. Qxe4 Nf6 15. Qh4 b5 16. Ne5 Bb7 17. Bf3 Rac8 18. Nd3 Qc7 19. Rac1 Be7 20. Qf4 Qxf4 21. Nxf4 Rb8 22. Nd3 Nd7 23. h3 Red8 24. Bc3 bxc4 25. bxc4 c5 26. d5 exd5 27. cxd5 Bd6 28. Ba5 Re8 29. Bg4 Bc8 30. Bxd7 Bxd7 31. Nxc5 Bf5 32. Nb3 Rb5 33. Bc7 Bxc7 34. Rxc7 Rd8 35. Rc5 Be6 36. Rc6 Rdxd5 37. Rxd5 Bxd5 1/2-1/2

[Event "Wroclaw op-A 6th"]
[Site "Wroclaw"]
[Date "2011.07.04"]
[Round "1"]
[White "Piotrowski, Przemyslaw"]
[Black "Kubien, Jerzy"]
[Result "0-1"]
[WhiteElo "1956"]
[BlackElo "2191"]
[PlyCount "60"]
[EventDate "2011.07.04"]
[EventType "swiss"]
[EventRounds "9"]
[EventCountry "POL"]
[SourceTitle "CBM 143 Extra"]
[Source "ChessBase"]
[SourceDate "2011.08.29"]
[SourceVersion "1"]
[SourceVersionDate "2011.08.29"]
[SourceQuality "1"]

1. Nf3 Nf6 2. g3 d5 3. Bg2 c6 4. 0-0 Bf5 5. d3 h6 6. Nfd2 e6 7. e4 Bh7 8. Qe2 Be7 9. c3 0-0 10. f4 Na6 11. Kh1 dxe4 12. Nxe4 Nc5 13. Nxc5 Bxc5 14. d4 Be7 15. Nd2 c5 16. Nb3 Rc8 17. Re1 c4 18. Nd2 Bd3 19. Qf2 b5 20. Nf3 Be4 21. Ne5 Bxg2+ 22. Qxg2 Qd5 23. f5 exf5 24. Nxc4 Qxc4 25. Rxe7 Rfe8 26. Rxe8+ Rxe8 27. Bf4 Re2 28. Qa8+ Kh7 29. Qf3 Ne4 30. Be3 Rf2 0-1

[Event "Polanica Zdroj op-A 47th"]
[Site "Polanica Zdroj"]
[Date "2011.??.??"]
[Round "9"]
[White "Furman, Boris"]
[Black "Kubien, Jerzy"]
[Result "1/2-1/2"]
[WhiteElo "2253"]
[BlackElo "2191"]
[PlyCount "20"]
[EventDate "2011.08.19"]
[EventType "swiss"]
[EventRounds "9"]
[EventCountry "POL"]
[SourceTitle "CBM 144 Extra"]
[Source "ChessBase"]
[SourceDate "2011.10.28"]
[SourceVersion "1"]
[SourceVersionDate "2011.10.28"]
[SourceQuality "1"]

1. d4 d5 2. c4 c6 3. cxd5 cxd5 4. Nc3 e6 5. Bf4 a6 6. e3 Nc6 7. Bd3 Nf6 8. h3 Bd6 9. Bxd6 Qxd6 10. Nf3 Ng8 1/2-1/2

[Event "Polanica Zdroj op-A 47th"]
[Site "Polanica Zdroj"]
[Date "2011.??.??"]
[Round "8"]
[White "Kubien, Jerzy"]
[Black "Solnicki, Michal"]
[Result "1-0"]
[WhiteElo "2191"]
[BlackElo "2126"]
[PlyCount "65"]
[EventDate "2011.08.19"]
[EventType "swiss"]
[EventRounds "9"]
[EventCountry "POL"]
[SourceTitle "CBM 144 Extra"]
[Source "ChessBase"]
[SourceDate "2011.10.28"]
[SourceVersion "1"]
[SourceVersionDate "2011.10.28"]
[SourceQuality "1"]

1. Nf3 d5 2. d4 c6 3. c3 Bf5 4. Bf4 Nd7 5. Nbd2 e6 6. e3 Be7 7. h3 Ngf6 8. Be2 Qb6 9. Qb3 Ne4 10. Nxe4 Bxe4 11. 0-0 Bxf3 12. Bxf3 f5 13. Qc2 h5 14. c4 g5 15. Bh2 g4 16. Be2 Rg8 17. Kh1 h4 18. Bf4 Nf6 19. b4 Ne4 20. Bd3 gxh3 21. gxh3 Kd7 22. c5 Qd8 23. b5 Bg5 24. Bh2 Ng3+ 25. fxg3 hxg3 26. bxc6+ bxc6 27. Bxg3 Bxe3 28. Be5 Qh4 29. Qh2 f4 30. Bxf4 Raf8 31. Bxe3 Rg3 32. Rxf8 Rxh3 33. Bg1 1-0

[Event "Polanica Zdroj op-A 47th"]
[Site "Polanica Zdroj"]
[Date "2011.??.??"]
[Round "6"]
[White "Kubien, Jerzy"]
[Black "Weichhold, Pawel"]
[Result "1-0"]
[WhiteElo "2191"]
[BlackElo "2236"]
[PlyCount "195"]
[EventDate "2011.08.19"]
[EventType "swiss"]
[EventRounds "9"]
[EventCountry "POL"]
[SourceTitle "CBM 144 Extra"]
[Source "ChessBase"]
[SourceDate "2011.10.28"]
[SourceVersion "1"]
[SourceVersionDate "2011.10.28"]
[SourceQuality "1"]

1. g3 g6 2. Bg2 Bg7 3. c4 Nf6 4. Nc3 0-0 5. Nf3 d6 6. d4 Nc6 7. 0-0 Bg4 8. h3 Bxf3 9. Bxf3 Nd7 10. Be3 e5 11. Bxc6 bxc6 12. Rc1 Qe7 13. d5 c5 14. Qd2 f5 15. f3 f4 16. Bf2 fxg3 17. Bxg3 Rf5 18. Ne4 Nf6 19. Kg2 Rf8 20. Qe3 Nh5 21. Rh1 Nf4+ 22. Bxf4 exf4 23. Qa3 Qh4 24. Rh2 Bd4 25. Qxa7 Re5 26. Rf1 Qe7 27. Qa3 Rff5 28. Qd3 Rh5 29. b3 Be3 30. a4 Qh4 31. Kh1 Re8 32. Qc3 Bd4 33. Qe1 Qe7 34. Qb1 Qd7 35. Kg2 Rf5 36. Qd3 Rb8 37. h4 h6 38. Kh1 Kh8 39. a5 Qe7 40. Kg2 Qg7 41. Rfh1 Ra8 42. Qd2 Be3 43. Qe1 Re5 44. Kf1 Rf5 45. Rg2 Kh7 46. Rg4 Qb2 47. Qc3 Qxc3 48. Nxc3 Rxa5 49. Kg2 Bd4 50. Nb5 Ra2 51. Re1 Rf7 52. Kf1 h5 53. Rg2 Be3 54. Rb1 Rg7 55. Nc3 Rc2 56. Ne4 Kh6 57. Ng5 Rg8 58. Ne6 Rb8 59. Rg5 Rc3 60. Nxc7 Rbxb3 61. Rxb3 Rxb3 62. Nb5 Rb1+ 63. Kg2 Rg1+ 64. Kh2 Rc1 65. Nxd6 Bd4 66. Rg2 Bf6 67. Kh3 Bxh4 68. Ne4 Bd8 69. Nxc5 Rxc4 70. Ne6 Bb6 71. Nf8 g5 72. Ne6 Rc1 73. Kh2 Rc2 74. Nxg5 Rd2 75. d6 Rd1 76. Ne4 Ba5 77. Rg5 Be1 78. Rf5 Bb4 79. Kg2 Rd4 80. Rxf4 Kg6 81. Rf6+ Kg7 82. Re6 Kf7 83. Rh6 Rd5 84. d7 Be7 85. Rh7+ Ke6 86. f4 h4 87. Kf3 Rxd7 88. Ng5+ Kd6 89. e4 Ra7 90. Kg4 Ra4 91. e5+ Kd7 92. Kf5 Ra5 93. Rxh4 Rb5 94. Rh7 Ke8 95. Ne6 Ra5 96. Nd4 Bf8 97. Rb7 Rd5 98. Ne6 1-0

[Event "Polanica Zdroj op-A 47th"]
[Site "Polanica Zdroj"]
[Date "2011.??.??"]
[Round "1"]
[White "Parol, Pawel"]
[Black "Kubien, Jerzy"]
[Result "0-1"]
[WhiteElo "1918"]
[BlackElo "2191"]
[PlyCount "60"]
[EventDate "2011.08.19"]
[EventType "swiss"]
[EventRounds "9"]
[EventCountry "POL"]
[SourceTitle "CBM 144 Extra"]
[Source "ChessBase"]
[SourceDate "2011.10.28"]
[SourceVersion "1"]
[SourceVersionDate "2011.10.28"]
[SourceQuality "1"]

1. e4 d6 2. c4 Nf6 3. Nc3 e5 4. Nf3 c5 5. d3 Be7 6. Be2 Nc6 7. 0-0 0-0 8. a3 b6 9. Rb1 Nd4 10. b4 Bd7 11. bxc5 bxc5 12. Nxd4 cxd4 13. Na2 Qc7 14. Bd2 a5 15. f4 Qc5 16. Bc1 Rab8 17. Rxb8 Rxb8 18. Qc2 Nxe4 19. Kh1 Nf6 20. Bf3 Be6 21. fxe5 dxe5 22. Qf2 e4 23. dxe4 Qxc4 24. Bf4 Rd8 25. Nc1 d3 26. Bd2 a4 27. Qb6 Rc8 28. e5 Nd5 29. Qb7 Bxa3 30. Nxd3 Qxd3 0-1

[Event "POL-chT 2st League"]
[Site "Mrzezyno"]
[Date "2010.09.08"]
[Round "5.33"]
[White "Kubien, Jerzy"]
[Black "Najbar, Marcin"]
[Result "1-0"]
[WhiteElo "2177"]
[BlackElo "2222"]
[PlyCount "62"]
[EventDate "2010.09.04"]
[EventType "team-swiss"]
[EventRounds "9"]
[EventCountry "POL"]
[SourceTitle "EXT 2019"]
[Source "ChessBase"]
[SourceDate "2018.10.10"]
[SourceVersion "1"]
[SourceVersionDate "2018.10.10"]
[SourceQuality "1"]
[WhiteTeam "Wisznia Mala OKSiR"]
[BlackTeam "Chroscice LZS Victoria"]
[WhiteTeamCountry "POL"]
[BlackTeamCountry "POL"]

1. Nf3 c5 2. g3 Nc6 3. Bg2 g6 4. 0-0 Bg7 5. c4 e5 6. Nc3 Nge7 7. d3 0-0 8. Ne1 d6 9. Nc2 Be6 10. Ne3 Rb8 11. Ned5 a6 12. Bg5 f6 13. Bd2 b5 14. b3 h6 15. Nxe7+ Nxe7 16. e4 f5 17. f3 f4 18. Nd5 Nxd5 19. cxd5 Bd7 20. b4 cxb4 21. Bxb4 Qb6+ 22. Kh1 a5 23. Be1 b4 24. Bf2 Qa6 25. Qd2 Kh7 26. gxf4 Rxf4 27. Rfc1 Rb7 28. Rab1 Rf8 29. Be3 Bb5 30. Rb2 Bd7 31. Kg1 Rfb8 1-0

[Event "POL-chT 2nd League"]
[Site "Polanica Zdroj"]
[Date "2004.09.09"]
[Round "7"]
[White "Bednarek, Sylwester"]
[Black "Kubien, Jerzy"]
[Result "1-0"]
[WhiteElo "2347"]
[BlackElo "2250"]
[PlyCount "59"]
[EventDate "2004.09.04"]
[EventType "team-swiss"]
[EventRounds "11"]
[EventCountry "POL"]
[SourceTitle "CBM 102 Extra"]
[Source "ChessBase"]
[SourceDate "2004.11.03"]
[SourceVersion "1"]
[SourceVersionDate "2004.11.03"]
[SourceQuality "1"]
[WhiteTeam "Lodz AZS Politechnika"]
[BlackTeam "Brzeg Prokonex"]
[WhiteTeamCountry "POL"]
[BlackTeamCountry "POL"]

1. e4 e5 2. f4 Nc6 3. Nc3 d6 4. Bb5 Bd7 5. Nf3 Nd4 6. Bxd7+ Qxd7 7. Nxd4 exd4 8. Ne2 Nf6 9. d3 c5 10. 0-0 Be7 11. f5 d5 12. e5 Ng4 13. e6 fxe6 14. Nxd4 cxd4 15. Qxg4 0-0 16. Bh6 Bf6 17. fxe6 Qe7 18. Rae1 Rac8 19. Re2 Rc6 20. Rf5 Re8 21. Bg5 Bxg5 22. Rxg5 Rd6 23. h4 Qf6 24. Rf2 Qh6 25. Rf7 g6 26. Rf6 Qg7 27. Rfxg6 hxg6 28. Rxg6 Re7 29. Rxg7+ Rxg7 30. e7 1-0

[Event "POL-chT 2nd League"]
[Site "Polanica Zdroj"]
[Date "2004.09.06"]
[Round "4"]
[White "Barwinski, Dionizy"]
[Black "Kubien, Jerzy"]
[Result "1-0"]
[WhiteElo "2218"]
[BlackElo "2250"]
[PlyCount "65"]
[EventDate "2004.09.04"]
[EventType "team-swiss"]
[EventRounds "11"]
[EventCountry "POL"]
[SourceTitle "CBM 102 Extra"]
[Source "ChessBase"]
[SourceDate "2004.11.03"]
[SourceVersion "1"]
[SourceVersionDate "2004.11.03"]
[SourceQuality "1"]
[WhiteTeam "Pultusk Nadnarwianka"]
[BlackTeam "Brzeg Prokonex"]
[WhiteTeamCountry "POL"]
[BlackTeamCountry "POL"]

1. d4 d5 2. Nf3 Nf6 3. c4 e6 4. Nc3 c6 5. Bg5 Be7 6. e3 Nbd7 7. Rc1 0-0 8. Bd3 h6 9. Bxf6 Bxf6 10. cxd5 exd5 11. 0-0 Re8 12. b4 a6 13. a4 Nf8 14. a5 Qd6 15. Rb1 Bg4 16. Na4 Rad8 17. Nc5 Re7 18. Rb2 Rde8 19. Qc2 Bxf3 20. gxf3 Ne6 21. Qd2 Kh8 22. Kg2 Bxd4 23. exd4 Nxd4 24. Rbb1 Qf6 25. f4 Qh4 26. h3 Nf3 27. Qc1 Re1 28. Qc3 Rxf1 29. Bxf1 Nh2 30. Qg3 Qxg3+ 31. fxg3 Nxf1 32. Rxf1 d4 33. Rd1 1-0